Geography Quiz

Random Geography or Flags Quiz

Fighting Flags Quiz Stats

 Plays Quiz Updated Jul 2, 2018

Also try: Flag Fragments
Challenge
Share
Tweet
Embed
Score 0/18 Timer 05:00
0 Plays Today
Weapon Country % Correct
SpearsKenya
61.7%
AK-47Mozambique
56.8%
SwordSaudi Arabia
54.9%
TridentBarbados
52.2%
MacheteAngola
47.2%
CannonsBolivia
46.2%
SpearsEcuador
45.9%
Swords and SpearsVenezuela
45%
CannonsHaiti
44%
Weapon Country % Correct
Rifles and SwordsGuatemala
43.5%
SpearseSwatini
42.2%
AxesBelize
41.5%
SpearsEl Salvador
39.1%
SwordIran
38.1%
SpearsDominican Republic
34.5%
Swords and DaggerOman
28.5%
SwordSri Lanka
23.5%
SwordMalta
13.7%

You're not logged in!

Compare scores with friends on all Sporcle quizzes.
Join for Free
OR
Log In

You Might Also Like...

Show Comments

Extras

Top Quizzes Today


Score Distribution

Your Account Isn't Verified!

In order to create a playlist on Sporcle, you need to verify the email address you used during registration. Go to your Sporcle Settings to finish the process.

Report this User

Report this user for behavior that violates our Community Guidelines.

Details: